[Event "SC Rochade Emsdetten 3 - SG Turm Raesfe"]
[Site "Verbandsklasse 2017/2018"]
[Date "2017.12.16"]
[Round "4.1"]
[White "Brömmel, Chris"]
[Black "Lehmann, Mona"]
[Result "1/2-1/2"]
[WhiteElo "1775"]
[BlackElo "1909"]
[PlyCount "39"]
[EventDate "2017.??.??"]
[SourceTitle "Verband Muensterland"]
[SourceDate "2017.09.30"]
[SourceVersion "1"]
[SourceVersionDate "2017.09.30"]
[SourceQuality "1"]

1. e4 c5 2. Nf3 Nc6 3. c3 d5 4. exd5 Qxd5 5. d4 Bg4 6. Be2 cxd4 7. cxd4 e6 8.
Nc3 Qa5 9. O-O Nf6 10. Qb3 Qb4 11. Qxb4 Bxb4 12. Be3 O-O 13. Rfd1 Rfd8 14. a3
Be7 15. Ne5 Bxe2 16. Nxe2 Rac8 17. Rac1 Nxe5 18. dxe5 Rxc1 19. Rxc1 Ng4 20. Bd4
1/2-1/2

[Event "SC Rochade Emsdetten 3 - SG Turm Raesfe"]
[Site "Verbandsklasse 2017/2018"]
[Date "2017.12.16"]
[Round "4.2"]
[White "Lücke, Thomas"]
[Black "Fasselt, Hendrik"]
[Result "1/2-1/2"]
[WhiteElo "1828"]
[BlackElo "1833"]
[PlyCount "42"]
[EventDate "2017.??.??"]
[SourceTitle "Verband Muensterland"]
[SourceDate "2017.09.30"]
[SourceVersion "1"]
[SourceVersionDate "2017.09.30"]
[SourceQuality "1"]

1. d4 d5 2. Bf4 Nf6 3. Nf3 Bf5 4. e3 e6 5. Bd3 Bxd3 6. Qxd3 c6 7. Nbd2 Be7 8.
h3 Nbd7 9. O-O O-O 10. Ne5 Rc8 11. c4 Nxe5 12. dxe5 Nd7 13. Rfc1 Nc5 14. Qe2
dxc4 15. Nxc4 Nd3 16. Rd1 Nxf4 17. exf4 Qc7 18. Rd3 Rfd8 19. Rad1 Rd5 20. Ne3
Rxd3 21. Rxd3 Rd8 1/2-1/2

[Event "SC Rochade Emsdetten 3 - SG Turm Raesfe"]
[Site "Verbandsklasse 2017/2018"]
[Date "2017.12.16"]
[Round "4.3"]
[White "Kadenbach, Wolfgang"]
[Black "Gerighausen, Karl-Heinz"]
[Result "1/2-1/2"]
[WhiteElo "1726"]
[BlackElo "1659"]
[PlyCount "105"]
[EventDate "2017.??.??"]
[SourceTitle "Verband Muensterland"]
[SourceDate "2017.09.30"]
[SourceVersion "1"]
[SourceVersionDate "2017.09.30"]
[SourceQuality "1"]

1. d4 d5 2. c4 e6 3. Nc3 c5 4. cxd5 exd5 5. e3 Nf6 6. Nf3 Nc6 7. Be2 Bf5 8. O-O
Rc8 9. Ne5 Bd6 10. Nxc6 bxc6 11. Bd2 O-O 12. Rc1 Re8 13. dxc5 Bxc5 14. Bf3 Bd6
15. g3 Qd7 16. Ne2 Ne4 17. Nd4 Bh3 18. Bg2 Ng5 19. Qh5 Bxg2 20. Kxg2 Ne4 21.
Bc3 Re5 22. Qh3 Qxh3+ 23. Kxh3 Nxc3 24. Rxc3 c5 25. Nf3 Ree8 26. Rd1 Be5 27.
Nxe5 Rxe5 28. Rdc1 c4 29. b3 g6 30. bxc4 dxc4 31. Rxc4 Rxc4 32. Rxc4 Ra5 33. a4
h5 34. Kg2 Kg7 35. f4 Kf6 36. e4 Ke6 37. Kf3 Kf6 38. h4 Ke6 39. Ke3 Ra6 40. Kd3
Rd6+ 41. Kc3 Rd1 42. Rd4 Rc1+ 43. Kb4 Rb1+ 44. Kc3 Rc1+ 45. Kb2 Re1 46. e5 Re3
47. Rd6+ Ke7 48. Ra6 Rxg3 49. Rxa7+ Ke6 50. Ra6+ Ke7 51. Ra7+ Ke6 52. Ra6+ Ke7
53. Ra7+ 1/2-1/2

[Event "SC Rochade Emsdetten 3 - SG Turm Raesfe"]
[Site "Verbandsklasse 2017/2018"]
[Date "2017.12.16"]
[Round "4.4"]
[White "Fehlings, Gerd"]
[Black "Tünte, Marcel"]
[Result "0-1"]
[WhiteElo "1754"]
[BlackElo "1784"]
[PlyCount "108"]
[EventDate "2017.??.??"]
[SourceTitle "Verband Muensterland"]
[SourceDate "2017.09.30"]
[SourceVersion "1"]
[SourceVersionDate "2017.09.30"]
[SourceQuality "1"]

1. d4 d5 2. Nf3 Nf6 3. c4 e6 4. g3 c6 5. Bg2 Be7 6. Qc2 O-O 7. O-O b6 8. Nbd2
Bb7 9. b3 Nbd7 10. e4 dxe4 11. Nxe4 c5 12. Nxf6+ Nxf6 13. Rd1 Qc7 14. dxc5 Qxc5
15. Bb2 Bxf3 16. Bxf3 Rad8 17. Qe2 Qc7 18. a3 Rxd1+ 19. Rxd1 Rd8 20. Rxd8+ Qxd8
21. b4 Qc7 22. Qd3 h6 23. Be2 Nd7 24. Qe4 Bf6 25. Bxf6 Nxf6 26. Qa8+ Kh7 27.
Bd3+ g6 28. Qf8 Qd7 29. Be2 Qe8 30. Qxe8 Nxe8 31. c5 bxc5 32. bxc5 Kg7 33. f4
Kf6 34. Kf2 Nc7 35. Ke3 e5 36. Bc4 exf4+ 37. gxf4 Ne6 38. c6 Nc7 39. h4 Ke7 40.
Kd4 Ne6+ 41. Bxe6 Kxe6 42. Kc5 f6 43. a4 g5 44. hxg5 hxg5 45. f5+ Ke7 46. Kd5
g4 47. Ke4 Kd6 48. Kf4 Kxc6 49. Kxg4 Kd5 50. Kh5 Ke5 51. Kg4 a5 52. Kf3 Kxf5
53. Ke3 Ke5 54. Kf2 Kf4 0-1

[Event "SC Rochade Emsdetten 3 - SG Turm Raesfe"]
[Site "Verbandsklasse 2017/2018"]
[Date "2017.12.16"]
[Round "4.5"]
[White "Grömping, Franz-Josef"]
[Black "Bahr, Maximilian"]
[Result "1-0"]
[WhiteElo "1645"]
[BlackElo "1676"]
[PlyCount "49"]
[EventDate "2017.??.??"]
[SourceTitle "Verband Muensterland"]
[SourceDate "2017.09.30"]
[SourceVersion "1"]
[SourceVersionDate "2017.09.30"]
[SourceQuality "1"]

1. e4 e5 2. Nf3 Nc6 3. Bc4 Bc5 4. b4 Bxb4 5. c3 Ba5 6. Qb3 Qe7 7. d4 exd4 8.
O-O d6 9. cxd4 h6 10. d5 Ne5 11. Nxe5 dxe5 12. Qb5+ Bd7 13. Qxa5 Nf6 14. Ba3
Qd8 15. Qc3 Bg4 16. f3 Bh5 17. Qxe5+ Kd7 18. Qf5+ Ke8 19. Bb5+ c6 20. Qe5+ Kd7
21. dxc6+ Kc8 22. Rc1 Qb6+ 23. Kh1 Qe3 24. cxb7+ Kxb7 25. Qc7# 1-0

[Event "SC Rochade Emsdetten 3 - SG Turm Raesfe"]
[Site "Verbandsklasse 2017/2018"]
[Date "2017.12.16"]
[Round "4.6"]
[White "Siebald, Jörg"]
[Black "Terhart, Jürgen"]
[Result "1/2-1/2"]
[WhiteElo "1712"]
[BlackElo "1759"]
[PlyCount "82"]
[EventDate "2017.??.??"]
[SourceTitle "Verband Muensterland"]
[SourceDate "2017.09.30"]
[SourceVersion "1"]
[SourceVersionDate "2017.09.30"]
[SourceQuality "1"]

1. e4 c5 2. Nf3 d6 3. d3 Nf6 4. g3 Nc6 5. Bg2 Bg4 6. O-O e6 7. Re1 Be7 8. Nbd2
O-O 9. Nf1 Qc7 10. h3 Bh5 11. g4 Bg6 12. Nh4 Rad8 13. Ng3 d5 14. Nxg6 fxg6 15.
Be3 d4 16. Bd2 Bd6 17. Nf1 Rf7 18. Re2 Rdf8 19. f3 Nd7 20. Rf2 e5 21. c3 Be7
22. Nh2 Bh4 23. Rf1 Nd8 24. cxd4 exd4 25. Rc1 Bg3 26. f4 Bxf4 27. Rxf4 Rxf4 28.
Bxf4 Qxf4 29. Qb3+ Kh8 30. Rf1 Qe3+ 31. Kh1 Rxf1+ 32. Nxf1 Qf4 33. Qd5 Qf7 34.
Qd6 Qe6 35. Qc7 Qe8 36. Nd2 b5 37. Nb3 Ne6 38. Qxa7 Qc8 39. Qa5 b4 40. a3 bxa3
41. bxa3 Qb8 1/2-1/2

[Event "SC Rochade Emsdetten 3 - SG Turm Raesfe"]
[Site "Verbandsklasse 2017/2018"]
[Date "2017.12.16"]
[Round "4.7"]
[White "Suer, Julian"]
[Black "Willermann, Norbert"]
[Result "1-0"]
[WhiteElo "1728"]
[BlackElo "1621"]
[PlyCount "47"]
[EventDate "2017.??.??"]
[SourceTitle "Verband Muensterland"]
[SourceDate "2017.09.30"]
[SourceVersion "1"]
[SourceVersionDate "2017.09.30"]
[SourceQuality "1"]

1. e4 c5 2. d4 cxd4 3. c3 dxc3 4. Nxc3 Nc6 5. Nf3 d6 6. Bc4 Nf6 7. O-O e6 8.
Bf4 Be7 9. Qe2 O-O 10. Rfd1 Qc7 11. Nb5 Qa5 12. Nxd6 a6 13. e5 Nd5 14. Bg3 Rd8
15. Rac1 Nxe5 16. Bxd5 Bxd6 17. Nxe5 exd5 18. Nc4 dxc4 19. Rxd6 Be6 20. a3 Rxd6
21. Bxd6 Rd8 22. Bb4 Qd5 23. Re1 Bf5 24. Qe8+ 1-0

[Event "SC Rochade Emsdetten 3 - SG Turm Raesfe"]
[Site "Verbandsklasse 2017/2018"]
[Date "2017.12.16"]
[Round "4.8"]
[White "Peters, Tobias"]
[Black "Aschenbrenner, Günter"]
[Result "1-0"]
[WhiteElo "1587"]
[BlackElo "1463"]
[PlyCount "83"]
[EventDate "2017.??.??"]
[SourceTitle "Verband Muensterland"]
[SourceDate "2017.09.30"]
[SourceVersion "1"]
[SourceVersionDate "2017.09.30"]
[SourceQuality "1"]

1. e4 Nf6 2. e5 Nd5 3. d4 d6 4. c4 Nb6 5. exd6 cxd6 6. d5 g6 7. Qd4 Rg8 8. Nc3
Bg7 9. Qh4 N6d7 10. Qxh7 Nf6 11. Qh4 Bf5 12. Nf3 Rh8 13. Qd4 Kf8 14. Bg5 Ne4
15. Qe3 Nxc3 16. bxc3 Nd7 17. Nd4 Ne5 18. Nxf5 gxf5 19. Be2 f6 20. Bf4 Ng6 21.
O-O Qd7 22. Bd3 Re8 23. Qg3 Kf7 24. Bd2 Ne5 25. Be2 Reg8 26. f4 Bh6 27. Bh5+
Kf8 28. Qf2 Ng4 29. Bxg4 Rxg4 30. Qxa7 Rh4 31. Rab1 Qd8 32. Rxb7 Rxh2 33. Rb8
Qxb8 34. Qxb8+ Kg7 35. Qc7 Kf7 36. Re1 Rh1+ 37. Kxh1 Bxf4+ 38. Kg1 Bh2+ 39. Kf2
Be5 40. Rxe5 fxe5 41. Bg5 Re8 42. a4 1-0

[Event "Südlohner SV 2 - SC Hiltrup 1"]
[Site "Verbandsklasse 2017/2018"]
[Date "2017.12.16"]
[Round "4.1"]
[White "Kammers, Heribert"]
[Black "Sparwel, Oliver"]
[Result "0-1"]
[WhiteElo "1992"]
[BlackElo "1882"]
[PlyCount "122"]
[EventDate "2017.??.??"]
[SourceTitle "Verband Muensterland"]
[SourceDate "2017.09.30"]
[SourceVersion "1"]
[SourceVersionDate "2017.09.30"]
[SourceQuality "1"]

1. d4 Nf6 2. c4 e6 3. Nc3 d5 4. cxd5 exd5 5. Bg5 Be7 6. Qc2 Nbd7 7. e3 c6 8.
Bd3 O-O 9. Nge2 Re8 10. O-O Ne4 11. Bf4 f5 12. Nxd5 Bd6 13. Ndc3 Ndf6 14. Bxd6
Qxd6 15. Nxe4 fxe4 16. Bc4+ Kh8 17. Ng3 h5 18. Bf7 h4 19. Bxe8 hxg3 20. fxg3
Nxe8 21. Qxe4 Bd7 22. Rf4 Nf6 23. Qg6 Re8 24. Raf1 Re6 25. Qf7 Ne8 26. Rh4+ Rh6
27. Qf8+ Qxf8 28. Rxf8+ Kh7 29. Re4 Nd6 30. Re7 Be6 31. Rd8 Bxa2 32. e4 b5 33.
Rxa7 Bb1 34. e5 Nc4 35. Ra6 Be4 36. b3 Ne3 37. Rd6 Nf5 38. Rd7 Bd5 39. Raa7 Rg6
40. b4 Nxd4 41. Kf2 Nc2 42. Rd6 Nxb4 43. Ke3 Rg4 44. Rdd7 Nc2+ 45. Kd2 Nd4 46.
Kd3 Ne6 47. Re7 Rd4+ 48. Kc3 Re4 49. Rad7 Rxe5 50. Rd6 Re4 51. g4 b4+ 52. Kd2
b3 53. Rb7 Nc5 54. Rb8 Rxg4 55. Rdd8 Rxg2+ 56. Kc3 b2 57. h4 Na4+ 58. Kd4 Rg1
59. h5 Kh6 60. Rd6+ Kxh5 61. Rh8+ Kg5 0-1

[Event "Südlohner SV 2 - SC Hiltrup 1"]
[Site "Verbandsklasse 2017/2018"]
[Date "2017.12.16"]
[Round "4.2"]
[White "Emming, Benedikt"]
[Black "Junk, Phillip"]
[Result "0-1"]
[WhiteElo "1799"]
[BlackElo "1851"]
[PlyCount "72"]
[EventDate "2017.??.??"]
[SourceTitle "Verband Muensterland"]
[SourceDate "2017.09.30"]
[SourceVersion "1"]
[SourceVersionDate "2017.09.30"]
[SourceQuality "1"]

1. e4 e5 2. Nf3 Nc6 3. Bc4 Bc5 4. c3 Nf6 5. d4 exd4 6. e5 d5 7. exf6 dxc4 8.
fxg7 Rg8 9. cxd4 Nxd4 10. Nxd4 Qxd4 11. Qxd4 Bxd4 12. Na3 c3 13. Bh6 cxb2 14.
Rd1 Bc3+ 15. Ke2 Bd7 16. Kd3 Bxg7 17. Bxg7 Rxg7 18. Rhe1+ Be6 19. g3 O-O-O+ 20.
Kc3 Rxd1 21. Rxd1 Bxa2 22. Kxb2 Be6 23. Kc3 Rg5 24. Rd4 Rf5 25. f4 Ra5 26. Nc2
Rc5+ 27. Kd2 Rd5 28. Ke3 Rxd4 29. Kxd4 f6 30. Ke4 Kd7 31. f5 Bf7 32. g4 Kd6 33.
h4 h6 34. Nd4 c6 35. Kf4 a5 36. Nf3 a4 0-1

[Event "Südlohner SV 2 - SC Hiltrup 1"]
[Site "Verbandsklasse 2017/2018"]
[Date "2017.12.16"]
[Round "4.3"]
[White "Voigt, Stefan"]
[Black "Richters, Alfred"]
[Result "1/2-1/2"]
[WhiteElo "1801"]
[BlackElo "1873"]
[PlyCount "43"]
[EventDate "2017.??.??"]
[SourceTitle "Verband Muensterland"]
[SourceDate "2017.09.30"]
[SourceVersion "1"]
[SourceVersionDate "2017.09.30"]
[SourceQuality "1"]

1. e4 e6 2. d4 d5 3. Nc3 Bb4 4. e5 c5 5. Bd2 Ne7 6. a3 Bxc3 7. Bxc3 b6 8. Bb5+
Bd7 9. Bd3 Nbc6 10. Nf3 c4 11. Be2 O-O 12. O-O f6 13. Re1 fxe5 14. Nxe5 Nxe5
15. dxe5 Nc6 16. Qd2 Rf7 17. Rad1 Qf8 18. Bf1 g6 19. g3 Re8 20. Bg2 Bc8 21. Qe3
Qc5 22. Bd4 1/2-1/2

[Event "Südlohner SV 2 - SC Hiltrup 1"]
[Site "Verbandsklasse 2017/2018"]
[Date "2017.12.16"]
[Round "4.4"]
[White "Albers, Thomas"]
[Black "Junk, Andreas"]
[Result "1/2-1/2"]
[WhiteElo "1763"]
[BlackElo "1759"]
[PlyCount "56"]
[EventDate "2017.??.??"]
[SourceTitle "Verband Muensterland"]
[SourceDate "2017.09.30"]
[SourceVersion "1"]
[SourceVersionDate "2017.09.30"]
[SourceQuality "1"]

1. d4 Nf6 2. Nf3 d5 3. Bf4 Bf5 4. e3 e6 5. Bd3 Bxd3 6. Qxd3 c6 7. Nbd2 Nbd7 8.
O-O Be7 9. Rfe1 O-O 10. h3 Rc8 11. c3 c5 12. Rad1 Qb6 13. Qb1 Rfe8 14. Ne5 Nxe5
15. Bxe5 Nd7 16. Bg3 Bd6 17. Bxd6 Qxd6 18. Nf3 Nf6 19. Ne5 b5 20. Nd3 c4 21.
Nc5 Nd7 22. Nxd7 Qxd7 23. e4 Qd6 24. Re3 g6 25. Rde1 Red8 26. Qc2 Qa6 27. a3
Qc6 28. Qe2 dxe4 1/2-1/2

[Event "Südlohner SV 2 - SC Hiltrup 1"]
[Site "Verbandsklasse 2017/2018"]
[Date "2017.12.16"]
[Round "4.5"]
[White "Wiltschut, Arne"]
[Black "Schmeing, Manfred"]
[Result "1/2-1/2"]
[WhiteElo "1785"]
[BlackElo "1713"]
[PlyCount "63"]
[EventDate "2017.??.??"]
[SourceTitle "Verband Muensterland"]
[SourceDate "2017.09.30"]
[SourceVersion "1"]
[SourceVersionDate "2017.09.30"]
[SourceQuality "1"]

1. d4 g6 2. e3 Bg7 3. f4 d5 4. Bd3 Nf6 5. Nf3 Ne4 6. Nbd2 f5 7. c3 Nd7 8. Qb3
Ndf6 9. O-O O-O 10. Ne5 Nxd2 11. Bxd2 Ne4 12. Be1 e6 13. Rd1 c6 14. Be2 Qc7 15.
Kh1 b5 16. g4 a6 17. h4 c5 18. gxf5 c4 19. Qc2 exf5 20. Rg1 Be6 21. Bf3 Kh8 22.
Qh2 Bxe5 23. fxe5 Rg8 24. Bxe4 fxe4 25. Bg3 h6 26. Bf4 Kh7 27. Rg3 Qd7 28. Rdg1
h5 29. Bg5 Raf8 30. Bf6 Bg4 31. Qf2 Qe6 32. Kh2 1/2-1/2

[Event "Südlohner SV 2 - SC Hiltrup 1"]
[Site "Verbandsklasse 2017/2018"]
[Date "2017.12.16"]
[Round "4.6"]
[White "Musholt, Joachim"]
[Black "Buchholz, Christian"]
[Result "0-1"]
[WhiteElo "1767"]
[BlackElo "1606"]
[PlyCount "76"]
[EventDate "2017.??.??"]
[SourceTitle "Verband Muensterland"]
[SourceDate "2017.09.30"]
[SourceVersion "1"]
[SourceVersionDate "2017.09.30"]
[SourceQuality "1"]

1. e4 c5 2. Nf3 d6 3. d4 cxd4 4. Nxd4 Nf6 5. Nc3 a6 6. f3 e5 7. Nb3 Be6 8. Be3
Nc6 9. Qd2 d5 10. exd5 Nxd5 11. Nxd5 Qxd5 12. Qxd5 Bxd5 13. O-O-O Nb4 14. Kb1
Rc8 15. c3 Bxb3 16. axb3 Nc6 17. Bd3 g6 18. h4 h5 19. b4 b5 20. f4 f5 21. fxe5
Nxe5 22. Bd4 Nxd3 23. Bxh8 Nf2 24. Rhe1+ Ne4 25. Be5 Rc6 26. Rd5 Be7 27. g3 Kf7
28. Bf4 Ke6 29. Re5+ Kf7 30. R5xe4 fxe4 31. Rxe4 Bd6 32. Kc2 Kf6 33. Kd3 Kf5
34. Rd4 Bxf4 35. Rxf4+ Ke5 36. Re4+ Kf5 37. b3 Rxc3+ 38. Kd4 Rxg3 0-1

[Event "Südlohner SV 2 - SC Hiltrup 1"]
[Site "Verbandsklasse 2017/2018"]
[Date "2017.12.16"]
[Round "4.7"]
[White "Haves, Daniel"]
[Black "Barwinski, Frank"]
[Result "1-0"]
[WhiteElo "1580"]
[BlackElo "1635"]
[PlyCount "73"]
[EventDate "2017.??.??"]
[SourceTitle "Verband Muensterland"]
[SourceDate "2017.09.30"]
[SourceVersion "1"]
[SourceVersionDate "2017.09.30"]
[SourceQuality "1"]

1. f4 b6 2. e4 Bb7 3. d3 e6 4. Nf3 d5 5. e5 Nd7 6. Be2 Ne7 7. O-O Nf5 8. c3 c5
9. Na3 Be7 10. Nc2 g6 11. Ne3 Ng7 12. d4 O-O 13. Ng4 c4 14. Nh6+ Kh8 15. Ng5
Qe8 16. Rf3 Bxg5 17. fxg5 Nf5 18. Qf1 Nxh6 19. gxh6 Qe7 20. Bd2 Rac8 21. Re1
Rc7 22. Bd1 b5 23. Qf2 Kg8 24. Rf1 Nb6 25. Qg3 Nd7 26. Bg5 Qe8 27. h4 a5 28.
Bc2 b4 29. Bf6 Nxf6 30. Rxf6 Kh8 31. h5 Rg8 32. Qf3 Rf8 33. hxg6 hxg6 34. Bxg6
Kg8 35. Bc2 Kh8 36. Bg6 Kg8 37. Bh5 1-0

[Event "Südlohner SV 2 - SC Hiltrup 1"]
[Site "Verbandsklasse 2017/2018"]
[Date "2017.12.16"]
[Round "4.8"]
[White "Wilting, Wilhelm-Josef"]
[Black "Jeromin, Rudolf Gustav"]
[Result "1/2-1/2"]
[WhiteElo "1580"]
[BlackElo "1668"]
[PlyCount "55"]
[EventDate "2017.??.??"]
[SourceTitle "Verband Muensterland"]
[SourceDate "2017.09.30"]
[SourceVersion "1"]
[SourceVersionDate "2017.09.30"]
[SourceQuality "1"]

1. e4 e5 2. d4 exd4 3. c3 dxc3 4. Bc4 Qf6 5. Nxc3 Bc5 6. Nf3 Ne7 7. O-O O-O 8.
Bg5 Qg6 9. Bxe7 Bxe7 10. Nd5 Bd8 11. Qb3 d6 12. e5 Nc6 13. exd6 cxd6 14. Bd3
Qh5 15. Ne3 Bb6 16. Qd5 Qxd5 17. Nxd5 Bc5 18. Rfe1 Bg4 19. Ng5 h6 20. Ne4 Kh8
21. Nxc5 dxc5 22. f3 Bd7 23. a3 Rae8 24. Bb5 Rd8 25. Bxc6 Bxc6 26. Nc3 Rd2 27.
Re2 Rfd8 28. Rae1 1/2-1/2

[Event "SC Klein-Berlin Rheine 2 - SK Königsspr"]
[Site "Verbandsklasse 2017/2018"]
[Date "2017.12.16"]
[Round "4.1"]
[White "Lerke, Bernd"]
[Black "Ratert, Matthias"]
[Result "1-0"]
[WhiteElo "1801"]
[BlackElo "1868"]
[PlyCount "101"]
[EventDate "2017.??.??"]
[SourceTitle "Verband Muensterland"]
[SourceDate "2017.09.30"]
[SourceVersion "1"]
[SourceVersionDate "2017.09.30"]
[SourceQuality "1"]

1. Nf3 g6 2. e4 Bg7 3. d4 c5 4. d5 d6 5. Bd3 Nf6 6. Nc3 O-O 7. h3 Nbd7 8. Bd2
Ne8 9. Qe2 a6 10. a4 Ne5 11. Nxe5 dxe5 12. g4 h6 13. a5 Bd7 14. Nd1 Nd6 15. Ne3
Nb5 16. c3 Nd6 17. c4 b5 18. axb6 Qxb6 19. Ba5 Qb8 20. Bc3 Qb6 21. h4 a5 22. g5
h5 23. O-O a4 24. Ra3 Nb7 25. Bc2 f6 26. Rfa1 fxg5 27. hxg5 Nd6 28. f3 Kh7 29.
Bxa4 Bxa4 30. Rxa4 Rxa4 31. Rxa4 Nf7 32. Qg2 Qd8 33. Ra7 Re8 34. Nf5 gxf5 35.
g6+ Kg8 36. gxf7+ Kxf7 37. exf5 Rh8 38. Qg6+ Kf8 39. Qc6 Qd6 40. Qc8+ Kf7 41.
Qe6+ Qxe6 42. fxe6+ Kf6 43. f4 Rg8 44. fxe5+ Kf5 45. Kf2 Bf8 46. b4 cxb4 47.
Bxb4 Kxe5 48. Ra8 h4 49. Bxe7 h3 50. Bxf8 h2 51. e7 1-0

[Event "SC Klein-Berlin Rheine 2 - SK Königsspr"]
[Site "Verbandsklasse 2017/2018"]
[Date "2017.12.16"]
[Round "4.2"]
[White "Hauk, Viktor"]
[Black "Sandmann, Matthias"]
[Result "1-0"]
[WhiteElo "1807"]
[BlackElo "1841"]
[PlyCount "65"]
[EventDate "2017.??.??"]
[SourceTitle "Verband Muensterland"]
[SourceDate "2017.09.30"]
[SourceVersion "1"]
[SourceVersionDate "2017.09.30"]
[SourceQuality "1"]

1. d4 d6 2. c4 Nf6 3. Nc3 g6 4. e4 Bg7 5. Be2 O-O 6. Be3 Nbd7 7. g4 c5 8. g5
Ne8 9. h4 Nc7 10. d5 a6 11. h5 b5 12. hxg6 fxg6 13. Nf3 Rb8 14. Nd2 Ne5 15.
cxb5 axb5 16. f4 Nf7 17. Rc1 e6 18. dxe6 Bxe6 19. Bg4 Qd7 20. Bxe6 Qxe6 21. Qe2
Rfe8 22. Qh2 h5 23. gxh6 Nxh6 24. Nf3 Bxc3+ 25. Rxc3 Qxe4 26. Qxh6 Qb1+ 27. Kf2
Qxb2+ 28. Bd2 Kf7 29. Qh7+ Ke6 30. Qxc7 Qxa2 31. Rh7 Rf8 32. Rd3 d5 33. Qd7+
1-0

[Event "SC Klein-Berlin Rheine 2 - SK Königsspr"]
[Site "Verbandsklasse 2017/2018"]
[Date "2017.12.16"]
[Round "4.3"]
[White "Kasubke, Manfred"]
[Black "van Dijk, Guido"]
[Result "1/2-1/2"]
[WhiteElo "1847"]
[BlackElo "1739"]
[PlyCount "50"]
[EventDate "2017.??.??"]
[SourceTitle "Verband Muensterland"]
[SourceDate "2017.09.30"]
[SourceVersion "1"]
[SourceVersionDate "2017.09.30"]
[SourceQuality "1"]

1. c4 c6 2. e4 d5 3. exd5 cxd5 4. d4 Nf6 5. Nc3 e6 6. Nf3 Bb4 7. a3 Bxc3+ 8.
bxc3 Qa5 9. Qb3 Ne4 10. Bb2 O-O 11. cxd5 exd5 12. Bd3 Nc6 13. h3 Re8 14. O-O
Rb8 15. Qc2 Be6 16. Rfe1 f5 17. Re3 Qc7 18. Rae1 b5 19. Nd2 Qf7 20. Bxe4 dxe4
21. f3 exf3 22. Nxf3 h6 23. Qe2 Bd7 24. Ne5 Nxe5 25. Rxe5 Rxe5 1/2-1/2

[Event "SC Klein-Berlin Rheine 2 - SK Königsspr"]
[Site "Verbandsklasse 2017/2018"]
[Date "2017.12.16"]
[Round "4.4"]
[White "Brinkmann, Franz-Josef"]
[Black "Holstegge, Ludger"]
[Result "1-0"]
[WhiteElo "1758"]
[BlackElo "1803"]
[PlyCount "91"]
[EventDate "2017.??.??"]
[SourceTitle "Verband Muensterland"]
[SourceDate "2017.09.30"]
[SourceVersion "1"]
[SourceVersionDate "2017.09.30"]
[SourceQuality "1"]

1. e4 c6 2. g3 d5 3. Bg2 g6 4. d4 dxe4 5. Bxe4 Nf6 6. Bg2 Bg7 7. c3 O-O 8. Nf3
Bg4 9. O-O Qc8 10. Qd3 Nbd7 11. Bg5 h6 12. Be3 Nb6 13. Ne5 Bh3 14. Nd2 Bxg2 15.
Kxg2 Ng4 16. Nxg4 Qxg4 17. f3 Qd7 18. Rad1 Nd5 19. Bf2 a5 20. Rfe1 Qc7 21. Nc4
e6 22. a3 a4 23. Ne5 Rfe8 24. Qd2 Kh7 25. g4 Bxe5 26. Rxe5 b5 27. Bg3 Qe7 28.
Rde1 Nb6 29. Rc5 Nc4 30. Qc1 Na5 31. Qc2 Rad8 32. h4 Rd5 33. Rxd5 cxd5 34. h5
Nc4 35. Kh3 Qf6 36. Kg2 Qg5 37. hxg6+ fxg6 38. Qf2 Kg7 39. Be5+ Kf7 40. Re2 h5
41. Kh3 Rf8 42. Qg3 Ke7 43. f4 hxg4+ 44. Qxg4 Qf5 45. Kh4 Qd3 46. Bd6+ 1-0

[Event "SC Klein-Berlin Rheine 2 - SK Königsspr"]
[Site "Verbandsklasse 2017/2018"]
[Date "2017.12.16"]
[Round "4.5"]
[White "Steens, Rudolf"]
[Black "Miethe, Christoph"]
[Result "0-1"]
[WhiteElo "1784"]
[BlackElo "1734"]
[PlyCount "82"]
[EventDate "2017.??.??"]
[SourceTitle "Verband Muensterland"]
[SourceDate "2017.09.30"]
[SourceVersion "1"]
[SourceVersionDate "2017.09.30"]
[SourceQuality "1"]

1. e4 e5 2. Nc3 d6 3. f4 Nf6 4. Nf3 Bg4 5. Bc4 c6 6. a4 d5 7. fxe5 Nxe4 8. Be2
Bxf3 9. Nxe4 Bxe4 10. O-O Qg5 11. Bf3 Bxf3 12. Qxf3 Bc5+ 13. Kh1 Qg6 14. Qc3
Be7 15. Rf3 O-O 16. d4 Nd7 17. Rg3 Qe6 18. Qd3 c5 19. c3 cxd4 20. cxd4 Rac8 21.
Bd2 a6 22. Qe3 Kh8 23. Rh3 f5 24. Rf1 g5 25. Qd3 Rf7 26. Rhf3 Rcf8 27. h3 g4
28. R3f2 Bh4 29. g3 Be7 30. h4 Nb6 31. b3 Nd7 32. a5 Nb8 33. Qe3 Nc6 34. Rb1 f4
35. gxf4 Qf5 36. Ra1 g3 37. Qxg3 Nxd4 38. Bc3 Ne6 39. Ra4 Rg8 40. Qf3 Bxh4 41.
Rf1 Rg3 0-1

[Event "SC Klein-Berlin Rheine 2 - SK Königsspr"]
[Site "Verbandsklasse 2017/2018"]
[Date "2017.12.16"]
[Round "4.6"]
[White "Huesmann, Stephan"]
[Black "Hols, Bernhard"]
[Result "1/2-1/2"]
[WhiteElo "1706"]
[BlackElo "1773"]
[PlyCount "98"]
[EventDate "2017.??.??"]
[SourceTitle "Verband Muensterland"]
[SourceDate "2017.09.30"]
[SourceVersion "1"]
[SourceVersionDate "2017.09.30"]
[SourceQuality "1"]

1. e4 c5 2. Nf3 g6 3. Bc4 Bg7 4. O-O a6 5. c3 Qc7 6. d3 e6 7. Bb3 Nf6 8. Bg5
Nc6 9. Qd2 O-O 10. Bf4 e5 11. Bg3 Nh5 12. Na3 d6 13. h3 Be6 14. Bh2 Bxb3 15.
axb3 f5 16. exf5 Rxf5 17. Nh4 Rf7 18. Nc4 Raf8 19. Rae1 d5 20. Ne3 Bh6 21. Qd1
Qd6 22. Ng4 Bg7 23. d4 cxd4 24. cxd4 Qd8 25. Nf3 exd4 26. Nfe5 Rf5 27. Nxc6
bxc6 28. Re6 Nf4 29. Rxc6 h5 30. Bxf4 Rxf4 31. Nh2 R4f6 32. Rxf6 Bxf6 33. Qd3
Kg7 34. Nf3 Qb6 35. Ra1 a5 36. Ra4 Rb8 37. Nxd4 Re8 38. Nf3 Bxb2 39. Qxd5 Rd8
40. Qxa5 Rd1+ 41. Kh2 Qb8+ 42. g3 Rd7 43. Qb4 Qe8 44. Qe4 Re7 45. Ra7 Bf6 46.
Rxe7+ Bxe7 47. Nd4 Qf7 48. Nc6 Qxf2+ 49. Qg2 Qe3 1/2-1/2

[Event "SC Klein-Berlin Rheine 2 - SK Königsspr"]
[Site "Verbandsklasse 2017/2018"]
[Date "2017.12.16"]
[Round "4.7"]
[White "Schmidt, Ralf"]
[Black "Pohlmeier, Ulrich"]
[Result "0-1"]
[WhiteElo "1535"]
[BlackElo "1602"]
[PlyCount "72"]
[EventDate "2017.??.??"]
[SourceTitle "Verband Muensterland"]
[SourceDate "2017.09.30"]
[SourceVersion "1"]
[SourceVersionDate "2017.09.30"]
[SourceQuality "1"]

1. d4 Nf6 2. Bf4 d6 3. e3 g6 4. Nf3 Bg7 5. h3 O-O 6. Be2 Nbd7 7. O-O c5 8. c3
a6 9. Nbd2 b6 10. Re1 Bb7 11. Bd3 b5 12. Bc2 c4 13. e4 Re8 14. e5 Nd5 15. Bg3
dxe5 16. Nxe5 e6 17. Nef3 Rc8 18. Ne4 Bf8 19. Bd6 Qb6 20. Bxf8 Rxf8 21. Qd2 Kg7
22. Ng3 Qc7 23. Ne5 Nxe5 24. Rxe5 Qc6 25. f3 Qc7 26. h4 f6 27. Nh5+ gxh5 28.
Rxh5 Rh8 29. Qh6+ Kg8 30. Re1 Re8 31. Bf5 Qf7 32. Re4 exf5 33. Rxe8+ Qxe8 34.
Rxf5 Qg6 35. Rxd5 Qxh6 36. Rd8+ Qf8 0-1